| 000 | 00347nam a2200145Ia 4500 | ||
|---|---|---|---|
| 008 | 150201s2008 xx 000 0 und d | ||
| 082 |
_a617.3 _bP08M |
||
| 100 | _aMCRAC , RONALD | ||
| 245 | _aPRACTICAL FRACTURE TREATMENT | ||
| 250 | _a5TH | ||
| 260 |
_bCHURCHILL _aEDINBURGH _c2008 |
||
| 300 | _a1-448 | ||
| 650 | _aORTHOPEDICS | ||
| 942 |
_2ddc _cBK |
||
| 999 |
_c1564 _d1564 |
||